| 000 | 01099naa a22003137a 4500 | ||
|---|---|---|---|
| 001 | BR5900044 | ||
| 003 | BR-BrBNA | ||
| 005 | 20240918172843.0 | ||
| 007 | ta | ||
| 008 | 230509b bl.||||| |||| 00| 0 por d | ||
| 040 |
_aBR-BrBNA _bpor _cBiblioteca Nacional de Agricultura |
||
| 041 | _a(Pt) | ||
| 072 | _aE10; C00 | ||
| 090 | _aE10 BR5900044 | ||
| 100 | 1 | _aNovais, P. | |
| 111 | 1 |
_aSeminario para o Desenvolvimento do Nordeste _cGaranhuns, PE (Brazil) _d25 Apr 1959 |
|
| 245 | 1 | _aPromocao do espirito empresarial e preparo da mao de obra | |
| 260 | 3 |
_aRio de Janeiro, GB (Brasil): _c1959. |
|
| 500 | _aAnais do Seminario para o Desenvolvimento do Nordeste Rio de Janeiro, GB (Brasil): 1959. p. 390-399 (BR5900044-AM)E10 | ||
| 650 | _aMacroeconomia | ||
| 650 | _aEducacao | ||
| 650 | _aMao-de-obra | ||
| 650 | _aAdministracao de empresa | ||
| 650 | _aSalario | ||
| 650 | _aEnsino | ||
| 773 | 0 |
_tAnais do Seminario para o Desenvolvimento do Nordeste _b _wE10 BR5900044 _gRio de Janeiro, GB (Brasil), 1959. p. 390-399 |
|
| 909 |
_a202404 _bLucia _c55 _dLucia Elande |
||
| 942 |
_cAM _2AGRIS |
||
| 999 |
_c301741 _d301741 |
||